|
|
|
|
| LEADER |
00000cam a2200000 7i4500 |
| 001 |
0000082102 |
| 005 |
20230606093000.0 |
| 008 |
130312s2006 my eng |
| 020 |
|
|
|a 9789833624010
|
| 020 |
|
|
|a 9833624014
|
| 040 |
|
|
|a UniSZA
|e rda
|
| 050 |
0 |
0 |
|a HQ734
|b .S63 2006
|
| 090 |
0 |
0 |
|a HQ734
|b .S63 2006
|
| 245 |
0 |
0 |
|a Smartstart :
|b a guide for newly weds
|
| 250 |
|
|
|a 2nd edition
|
| 260 |
|
|
|a Kuala Lumpur :
|b Ministry Population and Family Development Board ,
|c c2006
|
| 300 |
|
|
|a Various pagings :
|b some colour illustrations ;
|c 20 cm.
|
| 336 |
|
|
|a text
|2 rdacontent
|
| 337 |
|
|
|a unmediated
|2 rdamedia
|
| 338 |
|
|
|a volume
|2 rdacarrier
|
| 505 |
0 |
|
|a 1. Marriage preparation -- 2. Marriage -- 3. Family health -- 4. Pregnancy and childbirth -- 5. Parenthood -- 6. Managing family resources -- 7. Managing stress and conflict -- 8. Family law -- 9. Family information
|
| 650 |
|
0 |
|a Domestic relations
|
| 650 |
|
0 |
|a Families
|
| 650 |
|
0 |
|a Family
|
| 650 |
|
0 |
|a Husband and wife
|
| 650 |
|
0 |
|a Marriage
|
| 650 |
|
0 |
|a Parenthood
|
| 710 |
2 |
|
|a Malaysia .
|b Kementerian Pembangunan Wanita, Keluarga dan Masyarakat
|
| 999 |
|
|
|a 1000154143
|b Book
|c OPEN SHELF (30 DAYS)
|e Gong Badak Campus
|
| 999 |
|
|
|a 1000165789
|b Book
|c OPEN SHELF (30 DAYS)
|e Gong Badak Campus
|